Independent auditors' report on the U.S. Department of the Interior's financial statements for fiscal years 2021 and 2020.

Bibliographic Details
Corporate Author: United States. Department of the Interior. Office of Inspector General (Author)
Format: Government Document eBook
Language:English
Published: Washington, DC : Office of Inspector General, U.S. Department of the Interior, 2021.
Series:Report ; no. 2021-FIN-036
Subjects:
Online Access:https://purl.fdlp.gov/GPO/gpo193325

MARC

Tag First Indicator Second Indicator Subfields
LEADER 00000nam a2200000 i 4500
001 in00004652721
006 m o d f
007 cr m||||||||||
008 230221s2021 dcu o f000 0 eng c
005 20230328154825.8
035 |a (OCoLC)on1370904176 
040 |a GPO  |b eng  |e rda  |e pn  |c GPO  |d MvI 
042 |a pcc 
043 |a n-us--- 
049 |a WWW 
074 |a 0603-B-07 (online) 
086 0 |a I 1.121:2021-FIN-036 
110 1 |a United States.  |b Department of the Interior.  |b Office of Inspector General,  |0 https://id.loc.gov/authorities/names/n79072338  |e author. 
245 1 0 |a Independent auditors' report on the U.S. Department of the Interior's financial statements for fiscal years 2021 and 2020. 
264 1 |a Washington, DC :  |b Office of Inspector General, U.S. Department of the Interior,  |c 2021. 
300 |a 1 online resource (various pagings). 
336 |a text  |b txt  |2 rdacontent 
337 |a computer  |b c  |2 rdamedia 
338 |a online resource  |b cr  |2 rdacarrier 
490 1 |a Report ;  |v no. 2021-FIN-036 
588 |a Description based on online resource, PDF version; title from cover (DOI OIG, viewed February 17, 2023). 
500 |a "November 2021." 
500 |a At head of title: Audit. 
500 |a In scope of the U.S. Government Publishing Office Cataloging and Indexing Program (C&I) and Federal Depository Library Program (FDLP). 
500 |a GPO Cataloging Record Distribution Program (CRDP). 
610 1 0 |a United States.  |b Department of the Interior  |x Management. 
650 0 |a Compliance auditing  |z United States. 
810 1 |a United States.  |b Department of the Interior.  |b Office of Inspector General.  |t Report ;  |0 https://id.loc.gov/authorities/names/no2006111284  |v no. 2021-FIN-036. 
856 4 0 |u https://purl.fdlp.gov/GPO/gpo193325  |t 0 
999 f f |s ca9453e2-1750-4364-9d1c-e5f4084fcddc  |i 989cb058-ccba-4c3d-8f81-287dc5568fd1  |t 0 
952 f f |a Texas A&M University  |b College Station  |c Electronic Resources  |d Available Online  |t 0  |e I 1.121:2021-FIN-036  |h Superintendent of Documents classification 
998 f f |a I 1.121:2021-FIN-036  |t 0  |l Available Online